000 01268nam0a22002651 4500
001 rc\941160
005 20260405080552.0
035 _a(NLR Aleph) 006113675
090 _a5386280
_c5386280
100 _a20041129d1982 |||y0rusy50 ca
101 0 _arus
102 _aRU
105 _ay |||||||||
200 1 _aИдейно-политическое воспитание научно-технической интеллигенции
_eОпыт и пробл.
_e[Сб. ст.]
_fОкт. район. ком. КПСС г. Москвы и др.
_g[Редкол.: Р.Г. Яновский (отв. ред.) и др.
_gПредисл. Ю. Реброва]
210 _aМ.
_cНаука
_d1982
215 _a184 с.
_d21
300 _aВ надзаг. также: Секция обществ. наук Президиума АН СССР, Ин-т социол. исслед. АН СССР
702 1 _4340
_7ca
_8rus
_aЯновский
_bР.Г.
_f1929-2010
_gРудольф Григорьевич
_3RU\NLR\AUTH\7727730
_910761
712 0 2 _aКПСС
_bМосковская гор. организация
_bОктябрьский район. ком.
801 0 _aRU
_bNLR
_gpsbo
801 1 _aRU
_bELAR
_2rusmarc
852 _aNLR
_j83-3/2934
942 _cBOOK
980 _aNB